000 00845nas a2200301 4500
001 BR0305837
003 BR-BrBNA
005 20231205104212.0
007 ta
008 230509b bl.|||p| |||| 00| 00por d
040 _aBR-BrBNA
_bpor
_cBiblioteca Nacional de Agricultura
041 _a(Pt)
072 _aF63
100 1 _aLabory, C.R.G.
100 1 _aDias, E.S.
100 1 _aDavide, L.C.
100 1 _aSchwan, R.F.
100 1 _aWenzel, I.M.
245 1 _aColoração de núcleos de esporos e hifas do cogumelo Agaricus blazei
650 _aCOGUMELO
650 _aESPORO
650 _aNÚCLEO
650 _aCOR
650 _aCICLO ESTRAL
773 0 _tCiência e Agrotecnologia (Brazil)
_xISSN 1413-7054
_g(Mar-Apr 2003), v. 27(2) p. 471-474
_wBR0305837
909 _a202311
_bLúcia
_c55
_dLúcia Elande
942 _2AGRIS
_n0
_cANA
999 _c176918
_d176918